| 000 | 00892pam a2200289 a 4500 | ||
|---|---|---|---|
| 001 | 653354 | ||
| 003 | OSt | ||
| 005 | 20151014151635.0 | ||
| 008 | 940615s1994 nyuaf b 001 0 eng | ||
| 010 | _a 94027268 | ||
| 020 | _a0805076174 | ||
| 040 |
_aDLC _cDLC _dDLC |
||
| 050 | 0 | 0 |
_aD 521 _b.G57 1994 |
| 082 | 0 | 0 |
_aIB 940.3 _bG37 1994 |
| 100 | 1 |
_aGilbert, Martin. _d1936- |
|
| 245 | 1 | 4 |
_aThe first world war : _ba complete history / _cMartin Gilbert. |
| 250 | _a1st American ed. | ||
| 260 |
_aNew York : _bH. Holt, _c1994. |
||
| 300 |
_axxiv, 615 p., [40] p. of plates : _bill. ; _c25 cm. |
||
| 650 | 0 | _aWorld War, 1914-1918. | |
| 906 |
_a7 _bcbc _corignew _d1 _eocip _f19 _gy-gencatlg |
||
| 942 |
_2lcc _cBK |
||
| 999 |
_c2353 _d2353 |
||